000 00535nam a22001577a 4500
003 OSt
005 20151105134426.0
008 151105b xxu||||| |||| 00| 0 eng d
040 _cRUA
082 _aFOR BO 1999 B126 Or.1
100 _93387
_aBO, YOURY.
245 _aStudy on forest management in kratie province, សិក្សាពីការរៀបចំគ្រប់គ្រងព្រៃនៅខេត្តរតនៈគិរី
260 _aPhnom Penh
_bRUA
_c2009
300 _a59p.
_bill.
_c29cm.
942 _2ddc
_cFOR
999 _c3160
_d3160